000 01220cam a2200229 4500
001 ABS66071
008 021105n2002 000 0 eng u
035 _a(Sirsi) u120360
100 _aLay, R
245 _aBe flexible to avoid stiff legislation
260 _c2002
490 _aEstates Gazette
_v(0237) 14 September 2002, 148-149(2)
520 _aThe first in a four part series on the new voluntary code of practice for commercial leases explains why landlords must adapt their practices or risk intrusive legislation. The code comprises 23 recommendations for best practice for landlords and tenants when negotiating business tenancies and aims to create more flexibility with regards to leases lengths and rent reviews. Illustrates how the property market has changed over the past 10 years as lease lengths have shortened and argues that property profession must accept a government-endorsed code that promotes change. Code available at www.commercialleasecodeew.co.uk
590 _aABS
650 _aCODE OF PRACTICE
650 _aCOMMERCIAL LEASES
650 _aFLEXIBILITY
650 _aRENT REVIEW
650 _aLEASE LENGTH
690 _aLANDLORD AND TENANT-BUSINESS TENANCIES
942 _n0
999 _c71516
_d71516